Психология влияния; Личностное влияние и противостояние чужому влиянию; Общение и межличностные отношения; Общение как обмен информацией (коммуникативная сторона общения); Общение как взаимодействие (интерактивная сторона общения); Общение как восприятие людьми друг друга (перцептивная сторона общения); Язык как инструмент социальной власти; Систематика общения; Анатомия диалога; Межличностные реакции; Интерес - возбуждение как фундаментальная мотивация; Лицо, фундаментальные эмоции и взаимодействия аффектов; Гнев, отвращение, презрение и их отношение к враждебности и агрессии; Симпатии и притяжение; Невербальное общение; Неумение слушать; От слышать к слушать; Рефлексивное слушание; Эмпатия, эмпатическое слушание; Нерефлексивное слушание; Как надо и не надо слушать; Невербальная коммуникация: составляющие жестов; Передача информации, техника постановки вопросов, искусство слушать, наблюдение за собеседником; Нейтрализация замечаний собеседника, природа замечаний, приемы, тактика; Аргументация: цеили, условия, приемы; принятие решений и завершение беседы; Принципиальный подход к переговорам, без мягкости-жесткости; Взгляд психотерапевта на хорошую жизнь; Правила техники общения; Психогимнастика в тренинге

Dades bibliogràfiques
Altres autors: Морозов А. В. (составитель)
Idioma:rus
Publicat: СПб., Питер, 2000
TOC:Е. В. Сидоренко, Личностное влияние и противостояние чужому влиянию;
Общение и межличностные отношения;
Общение как обмен информацией (коммуникативная сторона общения);
Общение как взаимодействие (интерактивная сторона общения);
Г. М. Андреева, Общение как восприятие людьми друг друга (перцептивная сторона общения);
Р. М. Блакар, Язык как инструмент социальной власти;
Систематика общения;
Анатомия диалога;
А. Добрович, Межличностные реакции;
Интерес - возбуждение как фундаментальная мотивация;
Лицо, фундаментальные эмоции и взаимодействия аффектов;
К. Е. Изард, Гнев, отвращение, презрение и их отношение к враждебности и агрессии;
Н. Н. Обозов, Симпатии и притяжение;
Невербальное общение;
Неумение слушать;
От слышать к слушать;
Рефлексивное слушание;
Эмпатия, эмпатическое слушание;
Нерефлексивное слушание;
И. Атватер, Как надо и не надо слушать;
Дж. Ниренберг, Г. Калеро, Невербальная коммуникация: составляющие жестов;
Передача информации, техника постановки вопросов, искусство слушать, наблюдение за собеседником;
Нейтрализация замечаний собеседника, природа замечаний, приемы, тактика;
Аргументация: цеили, условия, приемы;
П. Мицич, принятие решений и завершение беседы;
Р. Фишер, У. Юри, Принципиальный подход к переговорам, без мягкости-жесткости;
К. Роджерс, Взгляд психотерапевта на хорошую жизнь;
А. А. Реан, Правила техники общения;
С. И. Макшанов, Н. Ю. Хрящева, Психогимнастика в тренинге;
Col·lecció:Хрестоматия по психологии
Matèries:
Format: Llibre
KOHA link:https://koha.lib.tpu.ru/cgi-bin/koha/opac-detail.pl?biblionumber=14651

MARC

LEADER 00000nam0a2200000 4500
001 14651
005 20231030185755.0
010 |a 5272000609 
035 |a (RuTPU)RU\TPU\book\14749 
035 |a BOOK00014817 
090 |a 14651 
100 |a 20011209d2000 km y0rusy50 ca 
101 0 |a rus 
102 |a RU 
105 |a a z 001zy 
200 1 |a Психология влияния  |f сост. А. В. Морозов 
210 |a СПб.  |c Питер  |d 2000 
215 |a 512 с.  |c ил. 
225 1 |a Хрестоматия по психологии 
320 |a Библиогр.: с. 496-503. 
320 |a Предм. указ.: с. 504-506. 
464 |t Личностное влияние и противостояние чужому влиянию  |f Е. В. Сидоренко 
464 |t Общение и межличностные отношения 
464 |t Общение как обмен информацией (коммуникативная сторона общения) 
464 |t Общение как взаимодействие (интерактивная сторона общения) 
464 |t Общение как восприятие людьми друг друга (перцептивная сторона общения)  |f Г. М. Андреева 
464 |t Язык как инструмент социальной власти  |f Р. М. Блакар 
464 |t Систематика общения 
464 |t Анатомия диалога 
464 |t Межличностные реакции  |f А. Добрович 
464 |t Интерес - возбуждение как фундаментальная мотивация 
464 |t Лицо, фундаментальные эмоции и взаимодействия аффектов 
464 |t Гнев, отвращение, презрение и их отношение к враждебности и агрессии  |f К. Е. Изард 
464 |t Симпатии и притяжение  |f Н. Н. Обозов 
464 |t Невербальное общение 
464 |t Неумение слушать 
464 |t От слышать к слушать 
464 |t Рефлексивное слушание 
464 |t Эмпатия, эмпатическое слушание 
464 |t Нерефлексивное слушание 
464 |t Как надо и не надо слушать  |f И. Атватер 
464 |t Невербальная коммуникация: составляющие жестов  |f Дж. Ниренберг, Г. Калеро 
464 |t Передача информации, техника постановки вопросов, искусство слушать, наблюдение за собеседником 
464 |t Нейтрализация замечаний собеседника, природа замечаний, приемы, тактика 
464 |t Аргументация: цеили, условия, приемы 
464 |t принятие решений и завершение беседы  |f П. Мицич 
464 |t Принципиальный подход к переговорам, без мягкости-жесткости  |f Р. Фишер, У. Юри 
464 |t Взгляд психотерапевта на хорошую жизнь  |f К. Роджерс 
464 |t Правила техники общения  |f А. А. Реан 
464 |t Психогимнастика в тренинге  |f С. И. Макшанов, Н. Ю. Хрящева  |a Роджерс, К. 
610 1 |a психология 
610 1 |a социальная психология 
610 1 |a личность 
610 1 |a общение 
610 1 |a влияние 
686 |a Ю953  |v LBC/SL-A  |2 rubbk 
702 1 |a Морозов  |b А. В.  |4 220 
801 0 |a RU  |b 63413507  |c 20011209  |g PSBO 
801 2 |a RU  |b 63413507  |c 20170428  |g PSBO 
900 |a Основы физиогномики и кинесики 
942 |c BK